000 00483nam a2200181Ia 4500
001 11286
005 20260306162816.0
008 260306t1996||||xx |||||||||||||| ||spa||
041 _aESP
082 _a985.02
_bV917
100 _aVarón Gabai, Rafael
_eAUT
245 0 _aLa ilusión del poder:
_bapogeo y decadencia de los Pizarro en la conquista del Perú
260 _c1996
300 _a450 páginas :
_c21cm.
650 _aGEN
654 _aCHU
942 _cLIB
_dJUS
_fJUS
_2ddc
_n
999 _c11286
_d11286